Gavreche

Enregistré dans:
Détails bibliographiques
Auteur principal: Hugo, Víctor Marie, Comte
Format: Livre
Langue:Undetermined
Publié: París, Francia Hachette 1964
Sujets:
Tags: Ajouter un tag
Pas de tags, Soyez le premier à ajouter un tag!

MARC

LEADER 00000nam a2200000Ia 4500
008 170316s9999 xx 000 0 und d
040 |a cru BVZT 
090 |a 840 H-2g 
100 |a Hugo, Víctor Marie, Comte 
245 |a Gavreche 
260 |a París, Francia 
260 |b Hachette 
260 |c 1964 
300 |a 78 páginas 
650 |a LITERATURA FRANCESA 
999 |c 7736  |d 7736 
942 |c 15 D  |h 840 H-2g  |2 z